Boys and girls : superheroes in the doll corner
Αποθηκεύτηκε σε:
| Κύριος συγγραφέας: | |
|---|---|
| Μορφή: | Βιβλίο |
| Γλώσσα: | English |
| Δημοσίευση: |
Chicago :
The University of Chicago Press,
1986
|
| Θέματα: | |
| Ετικέτες: |
Προσθήκη ετικέτας
Δεν υπάρχουν, Καταχωρήστε ετικέτα πρώτοι!
|
MARC
| LEADER | 00000nam a2200000 i 4500 | ||
|---|---|---|---|
| 001 | 1/91965 | ||
| 008 | 991108s1984 eng d | ||
| 020 | |a 0-226-64492-8 | ||
| 035 | |l 10053843 | ||
| 040 | |a GR-MY-UA |b gre |e aacr | ||
| 041 | 0 | |a eng | |
| 082 | 0 | |a 372.2180973 | |
| 100 | 1 | |a Paley, Vivian Gussin. | |
| 245 | 1 | 0 | |a Boys and girls : |b superheroes in the doll corner / |c Vivian Gussin Paley |
| 260 | |a Chicago : |b The University of Chicago Press, |c 1986 | ||
| 300 | |a 116 p. | ||
| 650 | 0 | 0 | |a Kindergarten |z United States |x Case Studies. |
| 650 | 0 | 0 | |a Child development |x Case studies. |
| 650 | 0 | 0 | |a Play |x Case studies. |
| 650 | 0 | 0 | |a Identity (Psychology) |x Case studies. |
| 650 | 0 | 0 | |a Teaching |x Case studies. |
| 852 | |a INST |b RHODES |e 19991108 |h 372.2180973 PAL |p 005400011903 |q 005400011903 |t BK |y 0 | ||
| 901 | |a BIBL4-1999-3 | ||
| 909 | |a Ρ |b 068268 | ||
| 922 | |a 4ΕΛΗ |b 199908 |c ΚΠΣ/154 |d GLORY BOOKS | ||
| 970 | |a ΚΟΥΛΑΚΙΟΤΗ |b ΛΙΤΣΑ |z 1999/11/08 | ||